| 000 | 00388nam a2200145 a 4500 | ||
|---|---|---|---|
| 005 | 20140414132106.0 | ||
| 008 | 100902s19uu xx 00 eng d | ||
| 020 | _a9780545169936 | ||
| 050 |
_aFIC _bM46 2006 |
||
| 100 | _aMeadows, Daisy | ||
| 245 |
_aPippa the poppy fairy / _cby Daisy Meadows. |
||
| 260 |
_aNew York : _bScholastic, _c2006. |
||
| 440 | _aRainbow magic | ||
| 999 |
_c114602 _d114602 |
||